000 00579nam a22001577a 4500
008 151208b xxu||||| |||| 00| 0 eng d
050 _aDC103.A84 2003
100 _aAstell, Ann W.
_921244
245 _aJoan of arc and sacrificial authorship
_c/by Ann W. Astell
260 _aNotre Dame
_bUniversity of Notre Dame Press
_c2003
300 _axvi,283p. ;
_c24cm.
650 _aJoan, of Arc, Saint 1412-1431
_xIn literature
_921245
650 _aLiterature, Modern
_xHistory and Criticism
_921246
650 _aAuthorship
_xPsychological aspects
_921247
942 _2lcc
_cMONOGRAPH
999 _c123847
_d123847